00613 2200217 4500245010000000020002200100250001100122100002300133700002300156700002200179650002100201650001000222005001900232260005700251041001400308084000800322300002500330336000900355337001000364338002100374 aCerdas Cergas Berbahasa dan Bersastra Indonesia untuk SMA/SMK Kelas XcFadillah Tri AuliahText a978-602-244-325-4 aCet. 1 aFadillah Tri Aulia aSefi Indra Gumilar aEli Syarifah Aeni aBahasa Indonesia aEbook a20230616072539 aJakartabKementerian Pendidikan dan Kebudayaanc2021 aIndonesia a410 axvi, 232 hlm. :cPDF atext aother aother (computer)